La problematica del aborto [doc. web] /
Guardado en:
| Formato: | Libro |
|---|---|
| Publicado: |
:
,
1998
|
| Etiquetas: |
Agregar Etiqueta
Sin Etiquetas, Sea el primero en etiquetar este registro!
|
| LEADER | 00349nam a22001335a 4500 | ||
|---|---|---|---|
| 001 | CEM.cems010078 | ||
| 005 | 20060214000000.0 | ||
| 008 | 130507s1998##################000#0#####d | ||
| 003 | CEMS | ||
| 082 | 0 | 4 | |a F364 |
| 245 | 0 | 0 | |a La problematica del aborto [doc. web] / |
| 260 | |a : |b , |c 1998 | ||
| 300 | |a 4 p.1 | ||
| 859 | |a CEMS |b BIB. CEMS - 11 de abril |h F364 |i 4 |p 1633.44 |t Ej.1 | ||
